000 00210 a2200109 4500
020 _a000011103011100
041 _aspa
100 _aAnonimo
245 _aMatematicas Tercer grado
942 _cBK
952 _71
999 _c18203
_d18203